000 00756nam a2200241 i 4500
001 C2-0327395
003 PPAK
005 20180728125031.0
008 140611s2012 my a|||| ||||| | eng d
020 _a9789838615341
040 _aPPAK
_beng
_cPPAK
_erda
082 0 4 _a901
_223
090 0 0 _a901
_bMOK
_dKK
100 0 _aMokhtar Saidin,
_eauthor
245 1 0 _aFrom stone age to early civilisation in Malaysia :
_bempowering identity of race
264 1 _aPulau Pinang :
_bPenerbit Universiti Sains Malaysia ,
_c2012
300 _av, 26 pages :
_bcolour illustrations ;
_c23 cm.
336 _2rdacontent
_atext
337 _2rdamedia
_aunmediated
338 _2rdacarrier
_avolume
650 1 0 _aArchaeology and history - Malaysia
942 _ddc
_cB
999 _c126951
_d126951